[Event "N1B"]
[Site "Nantes"]
[Date "2006.11.25"]
[Round "2.7"]
[White "Hagesaether, Arne"]
[Black "Alanic, Mickael"]
[Result "1/2-1/2"]
[WhiteElo "2178"]
[BlackElo "2236"]
[PlyCount "63"]
[EventDate "2006.11.25"]
[WhiteTeam "Deauville"]
[BlackTeam "Guingamp"]

1. e4 c6 2. d4 d5 3. Nc3 dxe4 4. Nxe4 Nd7 5. Bd3 Ngf6 6. Ne2 Nxe4 7. Bxe4 Nf6
8. Bf3 Bf5 9. O-O e6 10. c4 Bd6 11. Re1 O-O 12. Bg5 h6 13. Bd2 g5 14. g3 Re8
15. Nc3 e5 16. d5 e4 17. Bg2 cxd5 18. Nxd5 Be5 19. Qb3 b5 20. Qxb5 Rb8 21.
Nxf6+ Qxf6 22. Qa4 Bxb2 23. Rad1 Bg4 24. Rb1 Bd4 25. Be3 Bxe3 26. fxe3 Qc3 27.
Qc6 Bf3 28. Qxh6 Qd2 29. Qxg5+ Kf8 30. Qc5+ Kg8 31. Qg5+ Kf8 32. Qc5+ 1/2-1/2

[Event "N1B"]
[Site "Nantes"]
[Date "2006.11.25"]
[Round "2.8"]
[White "Le Diouron, Aurelie"]
[Black "Fruteau, Sabine"]
[Result "0-1"]
[WhiteElo "2005"]
[BlackElo "2145"]
[PlyCount "86"]
[EventDate "2006.11.25"]
[WhiteTeam "Guingamp"]

1. e4 e5 2. Nf3 Nc6 3. Bb5 a6 4. Bxc6 dxc6 5. O-O Qd6 6. Na3 f6 7. Qe2 Bg4 8.
h3 Be6 9. Rd1 O-O-O 10. d4 Qd7 11. Nc4 Bxc4 12. Qxc4 exd4 13. Rxd4 Bd6 14. e5
fxe5 15. Nxe5 Qe7 16. Nf7 Rd7 17. Nxd6+ cxd6 18. Bf4 Nf6 19. Rad1 d5 20. Qd3
Re8 21. Ra4 Qe2 22. Rd4 Qxd3 23. R4xd3 Re2 24. R1d2 Re1+ 25. Kh2 Ne4 26. Rd1
Rxd1 27. Rxd1 Nxf2 28. Rf1 Ne4 29. Be5 Re7 30. Bd4 c5 31. Be3 d4 32. Rf8+ Kd7
33. Bf4 Kc6 34. Rc8+ Kd5 35. Rd8+ Ke6 36. h4 h6 37. Kh3 h5 38. Rh8 Kf5 39. Rf8+
Kg6 40. Rd8 Rf7 41. Be5 Rf1 42. Kh2 Rf5 43. Re8 Kf7 0-1

[Event "N1B"]
[Site "Nantes"]
[Date "2006.11.25"]
[Round "2.1"]
[White "Kozakov, Mikhail"]
[Black "Grigorov, Grigor"]
[Result "1/2-1/2"]
[WhiteElo "2456"]
[BlackElo "2424"]
[PlyCount "51"]
[EventDate "2006.11.25"]
[WhiteTeam "Bois-Colombes"]
[BlackTeam "C.E. Nantes"]

1. e4 c5 2. Nf3 d6 3. d4 Nf6 4. Nc3 cxd4 5. Nxd4 a6 6. Bc4 e6 7. Bb3 b5 8. Bg5
Be7 9. Qf3 Qb6 10. O-O-O Nbd7 11. Rhe1 O-O 12. Qg3 Nh5 13. Qh4 Bxg5+ 14. Qxg5
Nhf6 15. f4 h6 16. Qg3 b4 17. Na4 Qb7 18. Bxe6 fxe6 19. Nxe6 Nb6 20. Nxf8 Nxa4
21. e5 Ne4 22. Qb3+ Kxf8 23. Qxa4 Bf5 24. exd6 Nc5 25. Qa5 Rc8 26. Rd2 $11
1/2-1/2

[Event "N1B"]
[Site "Nantes"]
[Date "2006.11.25"]
[Round "2.2"]
[White "Petkov, Vladimir"]
[Black "Todorov, Todor"]
[Result "1/2-1/2"]
[WhiteElo "2443"]
[BlackElo "2494"]
[PlyCount "24"]
[EventDate "2006.11.25"]
[WhiteTeam "C.E. Nantes"]

1. d4 d5 2. c4 e6 3. Nc3 Be7 4. Nf3 Nf6 5. g3 O-O 6. Bg2 Nbd7 7. O-O dxc4 8. e4
Rb8 9. a4 a6 10. a5 b5 11. axb6 Nxb6 12. Qe2 Bb7 1/2-1/2

[Event "N1B"]
[Site "Nantes"]
[Date "2006.11.25"]
[Round "2.3"]
[White "Vuilleumier, Alexandre"]
[Black "Delaunay, Sebastien"]
[Result "1/2-1/2"]
[WhiteElo "2367"]
[BlackElo "2346"]
[PlyCount "77"]
[EventDate "2006.11.25"]
[WhiteTeam "Bois-Colombes"]
[BlackTeam "C.E. Nantes"]

1. e4 Nf6 2. Nc3 e5 3. Nf3 Bb4 4. Bc4 d6 5. O-O O-O 6. d3 c6 7. a3 Ba5 8. h3
Qe7 9. Ne2 d5 10. exd5 cxd5 11. Ba2 h6 12. Bd2 Bxd2 13. Qxd2 Bf5 14. Rfe1 Nbd7
15. Ng3 Bh7 16. Nd4 Rfe8 17. Nb5 Rec8 18. c4 a6 19. Nc3 d4 20. Nce2 Qd6 21. b4
b6 22. Bb3 Nf8 23. Rf1 g5 24. f3 Ne6 25. Ne4 Qe7 26. h4 Ne8 27. hxg5 hxg5 28.
c5 Bxe4 29. fxe4 bxc5 30. Rf5 N8g7 31. Rxe5 Rab8 32. Bxe6 Nxe6 33. Ng3 cxb4 34.
Nf5 Qf6 35. Ra5 b3 36. Rxa6 Rc2 37. Qa5 b2 38. Rb1 Rbc8 39. Ra8 1/2-1/2

[Event "N1B"]
[Site "Nantes"]
[Date "2006.11.25"]
[Round "2.4"]
[White "Gerard, Nicolas"]
[Black "Shoker, Samy"]
[Result "1/2-1/2"]
[WhiteElo "2333"]
[BlackElo "2398"]
[PlyCount "46"]
[EventDate "2006.11.25"]
[WhiteTeam "C.E. Nantes"]

1. d4 g6 2. c4 Bg7 3. Nc3 d6 4. e4 e5 5. Be3 Nc6 6. d5 Nce7 7. c5 f5 8. cxd6
cxd6 9. f3 Bh6 10. Bf2 Nf6 11. Qa4+ Kf7 12. h3 Rf8 13. Bd3 Kg7 14. Nge2 fxe4
15. fxe4 Nh5 16. Qb4 Rxf2 17. Kxf2 a5 18. Qa3 Qb6+ 19. Ke1 Qe3 20. Nd1 Qd2+ 21.
Kf1 Bg4 22. hxg4 Rf8+ 23. Kg1 Qe1+ 1/2-1/2

[Event "N1B"]
[Site "Nantes"]
[Date "2006.11.25"]
[Round "2.5"]
[White "Chomet, Pascal"]
[Black "Delorme, Alban"]
[Result "1/2-1/2"]
[WhiteElo "2365"]
[BlackElo "2243"]
[PlyCount "37"]
[EventDate "2006.11.25"]
[WhiteTeam "Bois-Colombes"]
[BlackTeam "C.E. Nantes"]

1. e4 c5 2. Nf3 Nc6 3. Nc3 e6 4. d4 cxd4 5. Nxd4 Nf6 6. g3 Bb4 7. Bg2 d5 8.
exd5 Nxd5 9. Nxc6 bxc6 10. O-O Ba6 11. Re1 O-O 12. Bd2 Bxc3 13. Bxc3 Nxc3 14.
bxc3 Qa5 15. Qd4 Rfd8 16. Re5 Qc7 17. Qe3 Rd6 18. h4 Rad8 19. Rc5 $11 1/2-1/2

[Event "N1B"]
[Site "Nantes"]
[Date "2006.11.25"]
[Round "2.6"]
[White "Bodson, Jordane"]
[Black "Guichard, Pauline"]
[Result "0-1"]
[WhiteElo "2151"]
[BlackElo "2287"]
[PlyCount "71"]
[EventDate "2006.11.25"]
[WhiteTeam "C.E. Nantes"]

1. e4 c5 2. Nf3 Nc6 3. Bb5 g6 4. O-O Bg7 5. Bxc6 dxc6 6. d3 Bg4 7. Nbd2 Nf6 8.
h3 Bxf3 9. Nxf3 O-O 10. Be3 b6 11. a4 Ne8 12. Rb1 e5 13. Nh2 Nc7 14. Ng4 f5 15.
exf5 gxf5 16. Nh6+ Kh8 17. Qh5 Qe8 18. Qh4 Qg6 19. Bd2 Ne6 20. Rbe1 Nf4 21.
Bxf4 exf4 22. Qxf4 Bxh6 23. Qc7 Rg8 24. g3 Rac8 25. Qe5+ Bg7 26. Qf4 Rce8 27.
c3 Re6 28. a5 Rge8 29. Rxe6 Qxe6 30. axb6 axb6 31. Qc7 b5 32. Ra1 Be5 33. Qb7
f4 34. g4 f3 35. Ra8 Bh2+ 36. Kxh2 0-1

[Event "N1B"]
[Site "Nantes"]
[Date "2006.11.25"]
[Round "2.7"]
[White "Dumitran, Octavian"]
[Black "Rihouay, Clement"]
[Result "1-0"]
[WhiteElo "2249"]
[BlackElo "2198"]
[PlyCount "57"]
[EventDate "2006.11.25"]
[WhiteTeam "Bois-Colombes"]
[BlackTeam "C.E. Nantes"]

1. Nf3 Nf6 2. c4 c5 3. Nc3 b6 4. d4 cxd4 5. Nxd4 Bb7 6. f3 e6 7. e4 d6 8. Be3
Be7 9. Be2 O-O 10. O-O a6 11. Qd2 Nbd7 12. a4 Rc8 13. a5 Nc5 14. b4 Ncd7 15.
Na4 d5 16. Nxb6 Nxb6 17. axb6 dxc4 18. Rfd1 Qe8 19. Nc2 Qc6 20. Nd4 Qe8 21. Qc3
Nd7 22. b5 axb5 23. Nxb5 Bc5 24. Bxc5 Rxc5 25. Nd6 Qb8 26. Nxb7 Qxb7 27. Ra7
Qxb6 28. Raxd7 Rd5+ 29. Kf1 1-0

[Event "N1B"]
[Site "Nantes"]
[Date "2006.11.25"]
[Round "2.8"]
[White "Marchadour, Claire"]
[Black "Bremond, Eric"]
[Result "0-1"]
[WhiteElo "2074"]
[BlackElo "2244"]
[PlyCount "98"]
[EventDate "2006.11.25"]
[WhiteTeam "C.E. Nantes"]

1. e4 c5 2. Nf3 Nc6 3. d4 cxd4 4. Nxd4 Nf6 5. Nc3 d6 6. Be2 e5 7. Nb3 Be7 8.
Be3 O-O 9. h3 a5 10. a4 Nb4 11. Bf3 Be6 12. Bg5 Qc7 13. O-O Rfd8 14. Rc1 h6 15.
Bxf6 Bxf6 16. Nb5 Qc4 17. Nd2 Qc6 18. c4 Nd3 19. Rc3 Nf4 20. Bg4 Rd7 21. Kh2
Bg5 22. Bxe6 Nxe6 23. f3 h5 24. Re1 Qb6 25. Nf1 Bh4 26. Re2 Rc8 27. Rd2 Bg5 28.
Re2 h4 29. Ne3 Bf4+ 30. Kh1 Qd8 31. Nd5 Bg3 32. b3 Rc6 33. Qd2 Bf4 34. Nxf4
Nxf4 35. Re1 Qg5 36. Rc2 Qg3 37. Rg1 d5 38. cxd5 Rg6 39. Rf1 Nxh3 40. Rc8+ Kh7
41. Rc2 Nf4 42. Qf2 Qg5 43. d6 Nh5 44. Rd1 Ng3+ 45. Kg1 h3 46. gxh3 Nxe4+ 47.
Qg2 Qe3+ 48. Kh1 Rxg2 49. Rxg2 Nf2+ 0-1

[Event "N1B"]
[Site "Migné-Auxances"]
[Date "2006.11.25"]
[Round "2.1"]
[White "Solodovnichenko, Yuri"]
[Black "Rainfray, Arnaud"]
[Result "1/2-1/2"]
[WhiteElo "2574"]
[BlackElo "2386"]
[PlyCount "77"]
[EventDate "2006.11.25"]
[WhiteTeam "Niort"]
[BlackTeam "Clichy II"]

1. e4 e5 2. Nf3 Nc6 3. Bb5 a6 4. Ba4 Nf6 5. O-O b5 6. Bb3 Bc5 7. a4 Rb8 8. c3
d6 9. d4 Bb6 10. Na3 O-O 11. axb5 axb5 12. Nxb5 exd4 13. cxd4 Bg4 14. Re1 Nxd4
15. Nbxd4 Bxd4 16. Bxf7+ Rxf7 17. Qxd4 Bxf3 18. gxf3 Qd7 19. Ra3 Nh5 20. Qd5
Nf6 21. Qc4 h6 22. Kh1 d5 23. Qc2 Re8 24. Rae3 dxe4 25. fxe4 Ng4 26. Rg3 Nxf2+
27. Kg1 Rxe4 28. Be3 Qe6 29. Ra1 Ng4 30. Ra8+ Rf8 31. Rxf8+ Kxf8 32. Qxc7 Rxe3
33. Qf4+ Kg8 34. Qxg4 Re1+ 35. Kf2 Qxg4 36. Rxg4 Rb1 37. Rb4 Kf7 38. Rb6 g5 39.
Rxh6 1/2-1/2

[Event "N1B"]
[Site "Migné-Auxances"]
[Date "2006.11.25"]
[Round "2.2"]
[White "Sorbe, Stephane"]
[Black "Stets, Dmitry"]
[Result "1-0"]
[WhiteElo "2323"]
[BlackElo "2397"]
[PlyCount "53"]
[EventDate "2006.11.25"]
[WhiteTeam "Clichy II"]

1. e4 c5 2. Nc3 Nc6 3. g3 g6 4. Bg2 Bg7 5. d3 e6 6. f4 Nge7 7. Be3 d6 8. Nf3
O-O 9. O-O b6 10. Rb1 Ba6 11. Bf2 Qd7 12. Re1 Rad8 13. Qd2 Bb7 14. a3 Nd4 15.
b4 Rc8 16. bxc5 Nxf3+ 17. Bxf3 dxc5 18. Bg2 Rfd8 19. e5 Bxg2 20. Kxg2 Nf5 21.
g4 Nd4 22. Bh4 Rf8 23. Ne4 c4 24. c3 Nb3 25. Rxb3 cxb3 26. f5 Bxe5 27. f6 1-0

[Event "N1B"]
[Site "Migné-Auxances"]
[Date "2006.11.25"]
[Round "2.3"]
[White "David, Vincent"]
[Black "Silva, Sebastain"]
[Result "1/2-1/2"]
[WhiteElo "2371"]
[BlackElo "2368"]
[PlyCount "82"]
[EventDate "2006.11.25"]
[WhiteTeam "Niort"]
[BlackTeam "Clichy II"]

1. d4 Nf6 2. c4 e6 3. Nf3 Bb4+ 4. Bd2 c5 5. Bxb4 cxb4 6. e3 O-O 7. Be2 d6 8.
O-O Nc6 9. a3 bxa3 10. Rxa3 e5 11. Nc3 Bg4 12. Qd2 a5 13. Rfa1 b6 14. h3 Bh5
15. d5 Bxf3 16. Bxf3 Nb4 17. Na2 Nxa2 18. R1xa2 Qc7 19. Be2 Rab8 20. b4 axb4
21. Qxb4 Ne4 22. Ra7 Qd8 23. Bf3 Nc5 24. Qb5 h6 25. Rb2 f5 26. Qc6 e4 27. Be2
f4 28. Bg4 fxe3 29. fxe3 h5 30. Be6+ Kh8 31. Qc7 Qf6 32. Rba2 Qe5 33. Rf2 Qg3
34. Rf5 Nxe6 35. dxe6 Rxf5 36. Qxb8+ Kh7 37. e7 Qxe3+ 38. Kh2 Qf4+ 39. Kh1 Qf1+
40. Kh2 Qf4+ 41. Kh1 Qf1+ 1/2-1/2

[Event "N1B"]
[Site "Migné-Auxances"]
[Date "2006.11.25"]
[Round "2.4"]
[White "Mullon, Jean-Baptiste"]
[Black "Tranchant, Sebastien"]
[Result "1/2-1/2"]
[WhiteElo "2344"]
[BlackElo "2209"]
[PlyCount "93"]
[EventDate "2006.11.25"]
[WhiteTeam "Clichy II"]

1. e4 c5 2. Nc3 d6 3. Nf3 Nf6 4. d4 cxd4 5. Nxd4 e6 6. g4 h6 7. Rg1 Be7 8. Be3
Nc6 9. Qe2 Nxd4 10. Bxd4 e5 11. Be3 a6 12. h4 Be6 13. g5 Nd7 14. O-O-O Rc8 15.
Nd5 Bxd5 16. exd5 hxg5 17. hxg5 g6 18. Qg4 Bf8 19. Bh3 Bg7 20. Rh1 b5 21. Qb4
Qc7 22. c3 Rb8 23. Bxd7+ Kxd7 24. f4 Rbe8 25. fxe5 Bxe5 26. Rhf1 Kd8 27. Bd4
Bxd4 28. Qxd4 Re5 29. Rf6 Rh7 30. Qf4 Ke8 31. a4 Qc5 32. axb5 axb5 33. Kb1 Ke7
34. Ka2 Qc4+ 35. Qxc4 bxc4 36. Rf4 Rxg5 37. Rxc4 Rhh5 38. Rc7+ Kf6 39. c4 Rh2
40. Rd7 Ke5 41. Re1+ Kd4 42. Rxd6 Kxc4 43. Rc1+ Kb5 44. Rd7 Rd2 45. d6 Rgd5 46.
Rb7+ Ka6 47. Rxf7 $11 1/2-1/2

[Event "N1B"]
[Site "Migné-Auxances"]
[Date "2006.11.25"]
[Round "2.5"]
[White "Demuth, Adrien"]
[Black "Sanchez, Louis"]
[Result "0-1"]
[WhiteElo "2168"]
[BlackElo "2267"]
[PlyCount "147"]
[EventDate "2006.11.25"]
[WhiteTeam "Niort"]
[BlackTeam "Clichy II"]

1. d4 d5 2. c4 c6 3. Nf3 Nf6 4. Nc3 a6 5. c5 Nbd7 6. Bg5 h6 7. Bh4 g5 8. Bg3
Nh5 9. e4 dxe4 10. Nxe4 Nxg3 11. hxg3 Bg7 12. Bc4 g4 13. Nh4 Nf6 14. Nxf6+ Bxf6
15. Qb3 e6 16. O-O-O Bxd4 17. f4 Qf6 18. Rhe1 O-O 19. Re4 Bxc5 20. Qd3 b5 21.
Bb3 Ra7 22. Re5 Be7 23. Qe2 Kh8 24. Qxg4 Rg8 25. Qe2 Rxg3 26. Nf3 Qxf4+ 27. Kb1
Qg4 28. Qe3 Rd7 29. Qxh6+ Kg8 30. Rh1 Qg6+ 31. Qxg6+ Rxg6 32. Re2 Bf6 33. Rc1
Rc7 34. Bc2 Rg7 35. Be4 c5 36. Rd1 Bb7 37. Bxb7 Rxb7 38. Rd6 a5 39. Nd2 Rh7 40.
Ne4 Rh1+ 41. Kc2 Be7 42. Rc6 Rh5 43. Ra6 a4 44. Ra5 Kg7 45. Nc3 c4 46. a3 Rg5
47. Rf2 Rg3 48. Rd2 Kg6 49. Ra8 Kg7 50. Ra5 Bg5 51. Re2 Bd8 52. Ra8 Rd3 53. Rc8
Bf6 54. Ne4 Rb3 55. Kc1 Be7 56. Nc5 Bxc5 57. Rxc5 Kg6 58. Ree5 b4 59. Rxc4 bxa3
60. bxa3 Rxa3 61. Rg4+ Kf6 62. Ra5 Ra1+ 63. Kc2 a3 64. Rg3 Rb2+ 65. Kc3 Rc1+
66. Kd4 Rb4+ 67. Kd3 Rb3+ 68. Kd2 Rxg3 69. Kxc1 Rxg2 70. Rxa3 e5 71. Kd1 Kg5
72. Ke1 f5 73. Kf1 Rb2 74. Ra5 0-1

[Event "N1B"]
[Site "Migné-Auxances"]
[Date "2006.11.25"]
[Round "2.6"]
[White "Delorme, Axel"]
[Black "Lagarde, Maxime"]
[Result "1/2-1/2"]
[WhiteElo "2274"]
[BlackElo "2154"]
[PlyCount "105"]
[EventDate "2006.11.25"]
[WhiteTeam "Clichy II"]

1. e4 c5 2. Nf3 d6 3. Bb5+ Bd7 4. Bxd7+ Qxd7 5. O-O Nc6 6. c3 Nf6 7. Re1 e6 8.
d4 cxd4 9. cxd4 Be7 10. d5 Ne5 11. dxe6 Nxf3+ 12. Qxf3 fxe6 13. Nc3 O-O 14. Qh3
Rae8 15. a4 Bd8 16. a5 b6 17. a6 b5 18. Qd3 b4 19. Na4 Ng4 20. f3 Ne5 21. Qb3
Qb5 22. Be3 Qxa6 23. Rf1 Qc4 24. Qxc4 Nxc4 25. Bd4 Bg5 26. Rfd1 Ne3 27. Bxe3
Bxe3+ 28. Kh1 Rd8 29. Rd3 Bf4 30. g3 Be5 31. f4 Bf6 32. Rad1 Be7 33. Kg2 Rc8
34. R1d2 g5 35. fxg5 Bxg5 36. Rf2 Rxf2+ 37. Kxf2 Rc2+ 38. Kf3 Be7 39. h4 Kf7
40. Ke3 Bf8 41. b3 Ke7 42. Kf3 Bg7 43. Ke3 Be5 44. Kf3 h5 45. Rd1 Kf6 46. Rd3
Rh2 47. Rd1 Rh3 48. Rg1 d5 49. Nc5 Bd4 50. Rd1 Bxc5 51. Kg2 Rxh4 52. gxh4 dxe4
53. Kg3 $11 1/2-1/2

[Event "N1B"]
[Site "Migné-Auxances"]
[Date "2006.11.25"]
[Round "2.7"]
[White "Adam, Etienne"]
[Black "Daurelle, Herve"]
[Result "1/2-1/2"]
[WhiteElo "2097"]
[BlackElo "2234"]
[PlyCount "127"]
[EventDate "2006.11.25"]
[WhiteTeam "Niort"]
[BlackTeam "Clichy II"]

1. e4 e5 2. Bc4 Nf6 3. d3 c6 4. Nf3 Be7 5. O-O d6 6. Re1 Bg4 7. Nbd2 Nbd7 8. c3
O-O 9. Bb3 Nc5 10. Bc2 Ne6 11. Nf1 Nd7 12. h3 Bxf3 13. Qxf3 Bg5 14. Ng3 g6 15.
Bxg5 Qxg5 16. Rad1 Nf6 17. d4 Rad8 18. Ne2 h5 19. Qg3 h4 20. Qxg5 Nxg5 21. dxe5
dxe5 22. f3 Ne6 23. Kf2 Kg7 24. Ng1 Nh5 25. Rxd8 Rxd8 26. Rd1 Rxd1 27. Bxd1
Nhf4 28. b4 b6 29. Bb3 Nc7 30. Bc4 f6 31. Ne2 Nxe2 32. Kxe2 Ne8 33. Ke3 Nd6 34.
Bf1 f5 35. Bd3 f4+ 36. Kd2 Kf6 37. Kc2 g5 38. Be2 Ke6 39. Kb3 Kd7 40. Bd3 Kc7
41. a3 a5 42. Be2 Kb7 43. Bf1 Kc7 44. Be2 Nb7 45. Bf1 c5 46. Be2 Kc6 47. Bc4
Nd6 48. Bd5+ Kc7 49. Ka4 axb4 50. axb4 Ne8 51. Kb5 cxb4 52. Kxb4 Nf6 53. Bc4
Kc6 54. Bb5+ Kd6 55. Bd3 Nd7 56. Be2 Nc5 57. Bf1 Ne6 58. Kb5 Kc7 59. Kb4 Kc6
60. Bb5+ Kd6 61. Bc4 Nc7 62. Bb5 Ne6 63. Bc4 Nc7 64. Bb5 1/2-1/2

[Event "N1B"]
[Site "Migné-Auxances"]
[Date "2006.11.25"]
[Round "2.8"]
[White "Marchadour, Emilie"]
[Black "Marchais, Aurelie"]
[Result "1-0"]
[WhiteElo "2091"]
[BlackElo "1778"]
[PlyCount "45"]
[EventDate "2006.11.25"]
[WhiteTeam "Clichy II"]

1. e4 c6 2. d4 d5 3. Nc3 dxe4 4. Nxe4 Bf5 5. Ng3 Bg6 6. Nh3 h6 7. Nf4 Bh7 8. c3
Nf6 9. Bd2 e6 10. Qb3 Qd7 11. O-O-O Bd6 12. f3 O-O 13. Bd3 Nd5 14. Bxh7+ Kxh7
15. Nd3 Qc7 16. Ne4 Be7 17. g4 Nd7 18. c4 N5f6 19. Bf4 Qb6 20. Qc2 c5 21. dxc5
Nxc5 22. Ndxc5 Bxc5 23. Nxf6+ 1-0

[Event "N1B"]
[Site "Migné-Auxances"]
[Date "2006.11.25"]
[Round "2.1"]
[White "Bojkov, Dejan"]
[Black "Magem Badals, Jordi"]
[Result "1/2-1/2"]
[WhiteElo "2447"]
[BlackElo "2487"]
[PlyCount "63"]
[EventDate "2006.11.25"]
[WhiteTeam "Migné-Auxances"]
[BlackTeam "Noyon"]

1. e4 e5 2. Nf3 Nc6 3. Bc4 Bc5 4. d3 Nf6 5. c3 a6 6. Bb3 Ba7 7. O-O d6 8. h3
O-O 9. Be3 Be6 10. Bxa7 Rxa7 11. Bc2 d5 12. Nbd2 dxe4 13. Nxe4 Nxe4 14. dxe4
Qf6 15. Qe2 Raa8 $11 16. Bb3 Rad8 17. Rfd1 Bxb3 18. axb3 Qe6 19. Nd2 Rd7 20.
Nc4 Rfd8 21. Rxd7 Rxd7 22. b4 g6 23. Qg4 Qe7 24. Ne3 h5 25. Qe2 Kg7 26. g3 Nd8
27. h4 Ne6 28. Ra5 f6 29. Rd5 c6 30. Rxd7 Qxd7 31. Nc4 c5 32. Nb6 $11 1/2-1/2

[Event "N1B"]
[Site "Migné-Auxances"]
[Date "2006.11.25"]
[Round "2.2"]
[White "Hommeles, Theo"]
[Black "Inkiov, Ventzislav"]
[Result "0-1"]
[WhiteElo "2378"]
[BlackElo "2523"]
[PlyCount "114"]
[EventDate "2006.11.25"]
[WhiteTeam "Noyon"]

1. e4 c5 2. Nf3 d6 3. d4 cxd4 4. Nxd4 Nf6 5. Nc3 Nc6 6. Bg5 e6 7. Qd2 Be7 8.
O-O-O O-O 9. f3 d5 10. exd5 exd5 11. Bb5 Bd7 12. Rhe1 Re8 13. Rxe7 Nxe7 14.
Bxf6 gxf6 15. Qf4 Ng6 16. Qh6 a6 17. Bd3 Be6 18. Nce2 Qd6 19. h3 Bd7 20. f4 Bb5
21. Nf5 Qf8 22. Qh5 Kh8 23. Qf3 Bxd3 24. Qxd3 Qc5 25. Ned4 Re4 26. g3 Rae8 27.
Nb3 Qc4 28. Qxd5 Qxd5 29. Rxd5 Ne7 30. Nxe7 R4xe7 31. Nd4 Re3 32. Nf5 Re2 33.
Rd7 Rg2 34. b3 Rc8 35. Rd2 Rxd2 36. Kxd2 Rc5 37. g4 b5 38. a3 h5 39. Kd3 Rd5+
40. Nd4 Rc5 41. c4 bxc4+ 42. bxc4 Ra5 43. Nc2 hxg4 44. hxg4 Kg7 45. Kc3 Rc5 46.
Kd4 Rc8 47. c5 Kf8 48. Kd5 Ke7 49. c6 Rd8+ 50. Kc5 Rd3 51. Nb4 Rc3+ 52. Kb6 Kd6
53. Kxa6 Rxa3+ 54. Kb6 Rc3 55. Kb5 Rc5+ 56. Ka4 f5 57. gxf5 Rxf5 0-1

[Event "N1B"]
[Site "Migné-Auxances"]
[Date "2006.11.25"]
[Round "2.3"]
[White "Picard, Romain"]
[Black "Housieaux, David"]
[Result "1-0"]
[WhiteElo "2318"]
[BlackElo "2336"]
[PlyCount "93"]
[EventDate "2006.11.25"]
[WhiteTeam "Migné-Auxances"]
[BlackTeam "Noyon"]

1. e4 e6 2. d4 d5 3. Nd2 a6 4. Bd3 c5 5. exd5 exd5 6. Qe2+ Be7 7. dxc5 Nf6 8.
Nb3 O-O 9. Be3 Nbd7 10. O-O-O a5 11. a4 Qc7 12. Nf3 Nxc5 13. Nxc5 Bxc5 14. Bxc5
Qxc5 15. Bb5 Bg4 16. h3 Bxf3 17. Qxf3 Rac8 18. Rd2 Ne4 19. Re2 Qb4 20. Rd1 Rc5
21. Qe3 Nd6 22. Rd4 Nf5 23. Rxb4 Nxe3 24. Rf4 g5 25. Rf3 Nxg2 26. Rg3 Nf4 27.
Rxg5+ Kh8 28. Re7 Ne6 29. Rg4 Rc7 30. Rxc7 Nxc7 31. Bd3 h6 32. Kd2 Ne6 33. c3
Rg8 34. Be2 Rg5 35. Rxg5 hxg5 36. Bf3 Nf4 37. Ke3 b6 38. h4 Kg7 39. hxg5 Ne6
40. Bxd5 Nxg5 41. b4 Kf8 42. bxa5 bxa5 43. Kd4 Ke7 44. Kc5 Nh3 45. f3 Nf4 46.
c4 f5 47. Kb5 1-0

[Event "N1B"]
[Site "Migné-Auxances"]
[Date "2006.11.25"]
[Round "2.4"]
[White "Nguyen, Chi-Minh"]
[Black "Pel, Bonno"]
[Result "1-0"]
[WhiteElo "2372"]
[BlackElo "2266"]
[PlyCount "79"]
[EventDate "2006.11.25"]
[WhiteTeam "Noyon"]

1. c4 g6 2. d4 d6 3. Nc3 Bg7 4. e4 e5 5. Nf3 Nc6 6. Bg5 f6 7. Be3 Nh6 8. dxe5
dxe5 9. Qxd8+ Kxd8 10. Rd1+ Bd7 11. Nd5 Nf7 12. c5 Kc8 13. Bc4 Nfd8 14. b4 Re8
15. h4 Bg4 16. Be2 f5 17. h5 gxh5 18. exf5 Bxf5 19. Rxh5 Bg6 20. Rh1 Ne6 21.
Nh4 Bc2 22. Rd2 Ncd4 23. Bh5 Rd8 24. Bg4 Kb8 25. Bxe6 Nxe6 26. Rxc2 Rxd5 27.
Nf5 Bf8 28. Rxh7 a5 29. b5 Nd4 30. Nxd4 exd4 31. Bf4 Bxc5 32. Rxc5 Rxc5 33. b6
Kc8 34. Rh8+ Kd7 35. Rxa8 cxb6 36. g4 Rc2 37. g5 Ke6 38. Rf8 Ke7 39. Rf5 Rxa2
40. g6 1-0

[Event "N1B"]
[Site "Migné-Auxances"]
[Date "2006.11.25"]
[Round "2.5"]
[White "Bedouin, Xavier"]
[Black "Clery, Nicolas"]
[Result "0-1"]
[WhiteElo "2342"]
[BlackElo "2313"]
[PlyCount "38"]
[EventDate "2006.11.25"]
[WhiteTeam "Migné-Auxances"]
[BlackTeam "Noyon"]

1. e4 e6 2. d4 d5 3. Nd2 a6 4. Ngf3 Nf6 5. e5 Nfd7 6. Bd3 c5 7. c3 Nc6 8. O-O
g6 9. h3 h5 10. g4 hxg4 11. hxg4 Qb6 12. Qa4 Qa7 13. c4 dxc4 14. Qxc4 b5 15.
Qc3 Bb7 16. dxc5 b4 17. Qc2 Nd4 18. Qd1 Nxe5 19. Be2 O-O-O 0-1

[Event "N1B"]
[Site "Migné-Auxances"]
[Date "2006.11.25"]
[Round "2.6"]
[White "Van Heirzeele, Daniel"]
[Black "Saada, Julien"]
[Result "1/2-1/2"]
[WhiteElo "2231"]
[BlackElo "2247"]
[PlyCount "20"]
[EventDate "2006.11.25"]
[WhiteTeam "Noyon"]

1. d4 d5 2. c4 e6 3. Nf3 c6 4. g3 f5 5. Bg2 Nf6 6. O-O Bd6 7. Bf4 Bxf4 8. gxf4
O-O 9. Nc3 Ne4 10. Rc1 Bd7 $11 1/2-1/2

[Event "N1B"]
[Site "Migné-Auxances"]
[Date "2006.11.25"]
[Round "2.7"]
[White "Fougerit, Valentin"]
[Black "Aguettaz, Maxime"]
[Result "0-1"]
[WhiteElo "2212"]
[BlackElo "2300"]
[PlyCount "60"]
[EventDate "2006.11.25"]
[WhiteTeam "Migné-Auxances"]
[BlackTeam "Noyon"]

1. e4 c5 2. Nf3 Nc6 3. Bb5 g6 4. Bxc6 dxc6 5. d3 Bg7 6. h3 e5 7. Be3 b6 8. a3
a5 9. Nbd2 a4 10. Nc4 Qc7 11. O-O Ne7 12. b4 b5 13. Ncd2 cxb4 14. axb4 O-O 15.
Nb1 Be6 16. Na3 h6 17. Qd2 g5 18. Qc3 Ng6 19. d4 Nf4 20. Kh1 exd4 21. Nxb5 Qd7
22. Nbxd4 Nxg2 23. Rad1 Nxe3 24. Nxe6 Qxe6 25. Qxe3 Qxh3+ 26. Kg1 a3 27. Nd4
Qxe3 28. fxe3 a2 29. Ra1 Rfe8 30. Rf5 Rxe4 0-1

[Event "N1B"]
[Site "Migné-Auxances"]
[Date "2006.11.25"]
[Round "2.8"]
[White "Assad, Karine"]
[Black "Boulan, Laura"]
[Result "0-1"]
[WhiteElo "2055"]
[BlackElo "1927"]
[PlyCount "94"]
[EventDate "2006.11.25"]
[WhiteTeam "Noyon"]

1. d4 Nf6 2. Nf3 e6 3. c4 b6 4. Nc3 Bb7 5. Qc2 Bb4 6. Bd2 O-O 7. a3 Bxc3 8.
Bxc3 d6 9. Nd2 Nbd7 10. b4 c5 11. e3 Re8 12. dxc5 dxc5 13. b5 Qc7 14. f3 Rad8
15. Qb2 e5 16. Be2 Nf8 17. O-O-O a6 18. a4 axb5 19. axb5 Ra8 20. h4 Ra7 21. Qb3
Rea8 22. Bb2 Qe7 23. Qc3 N8d7 24. Rh2 Qe6 25. h5 Ne8 26. g4 Qf6 27. Rf1 e4 28.
Qc2 Ra1+ 29. Bxa1 Rxa1+ 30. Nb1 exf3 31. Bd3 Qe5 32. Re1 Qg3 33. Qf2 Qe5 34.
Qb2 Nd6 35. Rd2 Ra8 36. Bf5 Qxb2+ 37. Rxb2 Nxf5 38. gxf5 Ne5 39. Rb3 Be4 40.
Rd1 Bxf5 41. Ra3 Re8 42. Rd5 h6 43. Nd2 Bh3 44. Rxe5 Rxe5 45. Nxf3 Rxh5 46.
Ra8+ Kh7 47. Rb8 Rf5 0-1

[Event "N1B"]
[Site "Lille"]
[Date "2006.11.25"]
[Round "2.1"]
[White "Justo, Damian"]
[Black "Gharamian, Tigran"]
[Result "0-1"]
[WhiteElo "2306"]
[BlackElo "2467"]
[PlyCount "126"]
[EventDate "2006.11.25"]
[WhiteTeam "Evry Grand Roque II"]
[BlackTeam "Lille"]

1. d4 Nf6 2. Nf3 e6 3. e3 c5 4. Bd3 b6 5. O-O Bb7 6. c4 g6 7. Nc3 Bg7 8. Bc2
O-O 9. d5 Ba6 10. Bd3 exd5 11. cxd5 Bxd3 12. Qxd3 d6 13. e4 a6 14. a4 Re8 15.
Bf4 Nh5 16. Bg5 Qc8 17. h3 h6 18. Be3 f5 19. exf5 Qxf5 20. Qxf5 gxf5 21. g4
fxg4 22. hxg4 Nf6 23. g5 Ng4 24. Bd2 Nd7 25. gxh6 Nxh6 26. Rae1 Nf5 27. Bf4
Rac8 28. Bh2 Bf6 29. Re6 Kf7 30. Rfe1 Nf8 31. Rxe8 Rxe8 32. Ne4 Kg6 33. b3 Rd8
34. Nfd2 Be7 35. Ng3 Rd7 36. Nxf5 Kxf5 37. Nc4 b5 38. Na5 bxa4 39. bxa4 Nh7 40.
Nc4 Nf6 41. Ne3+ Ke4 42. Rd1 Bf8 43. Kf1 Bh6 44. Nc4 Bf4 45. Bxf4 Kxf4 46. Ke2
Re7+ 47. Kd3 Ne4 48. Kc2 Nxf2 49. Rf1 Re2+ 50. Kb3 Ke4 51. Nxd6+ Kxd5 52. Nc4
Kd4 53. Rg1 Re8 54. Rg6 Rb8+ 55. Rb6 Rxb6+ 56. Nxb6 Nd3 57. a5 Nb4 58. Nd7 Nc6
59. Ka4 c4 60. Nb6 Nxa5 61. Kxa5 c3 62. Na4 c2 63. Nc5 Kxc5 0-1

[Event "N1B"]
[Site "Lille"]
[Date "2006.11.25"]
[Round "2.2"]
[White "Froeyman, Helmut"]
[Black "Debray, Christopher"]
[Result "1-0"]
[WhiteElo "2246"]
[BlackElo "2269"]
[PlyCount "91"]
[EventDate "2006.11.25"]
[WhiteTeam "Lille"]

1. e4 c5 2. Nf3 e6 3. d4 cxd4 4. Nxd4 a6 5. c4 Qc7 6. Nc3 Nf6 7. a3 g6 8. Be2
Bg7 9. O-O O-O 10. Be3 b6 11. Rc1 Bb7 12. f3 d6 13. Qe1 Nbd7 14. Qf2 Rac8 15.
b4 Qb8 16. Na4 Rfe8 17. Nb3 d5 18. Nxb6 Nxb6 19. Bxb6 dxe4 20. f4 Nd7 21. Be3
Bc6 22. Na5 Ba4 23. Bd1 Bxd1 24. Rfxd1 Nf6 25. h3 Nh5 26. Rd7 Rc7 27. Rd6 e5
28. fxe5 Bxe5 29. Nc6 Bh2+ 30. Kh1 Qc8 31. Kxh2 Rxc6 32. c5 Qc7 33. Rcd1 Re6
34. Qd2 Rcxd6 35. cxd6 Qd7 36. Qd5 Ng7 37. Qa8+ Re8 38. Qxa6 Nf5 39. Qa7 Qe6
40. d7 Qe5+ 41. Kg1 Rd8 42. Bb6 Qg3 43. Qc7 Rxd7 44. Rxd7 Qe1+ 45. Kh2 e3 46.
Qe5 1-0